Hermenéutica, lenguaje e inconsciente / (Registro nro. 53365)
[ vista simple ]
| 000 -LEADER | |
|---|---|
| fixed length control field | 00853nam a2200265 a 4500 |
| 001 - CONTROL NUMBER | |
| control field | 53365 |
| 005 - DATE AND TIME OF LATEST TRANSACTION | |
| control field | 20180714043608.0 |
| 008 - FIXED-LENGTH DATA ELEMENTS--GENERAL INFORMATION | |
| fixed length control field | 140415s1989 mx r 000 0 spa d |
| 020 ## - INTERNATIONAL STANDARD BOOK NUMBER | |
| International Standard Book Number | 9688630912 |
| 041 ## - LANGUAGE CODE | |
| Language code of text/sound track or separate title | spa |
| 082 0# - DEWEY DECIMAL CLASSIFICATION NUMBER | |
| Classification number | 128 |
| Item number | BEU |
| 100 1# - MAIN ENTRY--PERSONAL NAME | |
| Personal name | Beuchot, Mauricio, |
| Dates associated with a name | 1950- |
| Relator term | autor |
| 245 10 - TITLE STATEMENT | |
| Title | Hermenéutica, lenguaje e inconsciente / |
| Statement of responsibility, etc. | Mauricio Beuchot. |
| 250 ## - EDITION STATEMENT | |
| Edition statement | [Priemra edición] |
| 264 #1 - PRODUCTION, PUBLICATION, DISTRIBUTION, MANUFACTURE, AND COPYRIGHT NOTICE | |
| Place of production, publication, distribution, manufacture | México : |
| Name of producer, publisher, distributor, manufacturer | Universidad Autónoma de Puebla, |
| Date of production, publication, distribution, manufacture, or copyright notice | 1989 |
| 300 ## - PHYSICAL DESCRIPTION | |
| Extent | 189 páginas ; |
| Dimensions | 22 cm. |
| 336 ## - CONTENT TYPE | |
| Content type term | texto |
| Source | rdacontent |
| 337 ## - MEDIA TYPE | |
| Media type term | sin mediación |
| Source | rdamedia |
| 338 ## - CARRIER TYPE | |
| Carrier type term | volumen |
| Source | rdacarrier |
| 490 0# - SERIES STATEMENT | |
| Series statement | Colección ciencias del lenguaje semiolingüística |
| 650 #4 - SUBJECT ADDED ENTRY--TOPICAL TERM | |
| Topical term or geographic name entry element | Hermenéutica |
| General subdivision | Filosofía |
| 650 #4 - SUBJECT ADDED ENTRY--TOPICAL TERM | |
| Topical term or geographic name entry element | Antropología Filosófica |
| 650 #4 - SUBJECT ADDED ENTRY--TOPICAL TERM | |
| Topical term or geographic name entry element | Filosofía del lenguaje |
| 650 #4 - SUBJECT ADDED ENTRY--TOPICAL TERM | |
| Topical term or geographic name entry element | Filosofía |
| Chronological subdivision | Siglo xx |
| Withdrawn status | Lost status | Source of classification or shelving scheme | Damaged status | Not for loan | Collection code | Home library | Current library | Shelving location | Date acquired | Source of acquisition | Total Checkouts | Full call number | Barcode | Date last seen | Price effective from | Koha item type |
|---|---|---|---|---|---|---|---|---|---|---|---|---|---|---|---|---|
| Dewey Decimal Classification | General | Centro de Estudios en Ciencia y Religión | Centro de Estudios en Ciencia y Religión | Sala general | 23/09/2015 | Compra | 128 BEU 1989 | 92953 | 08/09/2025 | 23/09/2015 | Libro |